000 00863nam a22002297a 4500
999 _c4870
_d4870
003 AR-CdUCM
008 190311b ||||| |||| 00| 0 spa d
040 _aMUNICIPALIDAD PROVINCIAL DEL CUSCO
_cBIBLIOTECA MUNICIPAL DEL CUSCO
041 _hger
082 _a940.04 /
_bH41
100 _aHeer, Friedrich
_914978
245 _aCoexistencia Colaboración Resistencia /
260 _aBarcelona :
_bFontanella,
_c1965
300 _a163 páginas ;
_c18 cm.
505 _aEuropa. Una comunidad de adversarios y antagonismos -- Fundamentos y principios del irracionalismo religiosos y político alemán -- El cristianismo europeo en los siglos XIX y XX -- Evasión, pasión, universidad
650 _aEuropa
_91221
650 _aPolitica
_9291
650 _aReligión
_91195
700 _aTraducción: Victor Scholz
_914979
942 _2ddc
_cLIBROS
945 _admma